000 00431nab a2200145Ia 4500
003 ES-SlBCS
005 20210601141136.0
008 140529s2010 xxu||||| |||| 00| 0 spa d
041 _aspa
100 1 _aCavero, Teresa
_9123626
245 0 0 _aLa crisis y la seguridad alimentaria mundial
_c Teresa Cavero
650 0 4 _aCrisis Mundial
_9129298
773 0 _tDocumentacion Social
_gnº. 158, 2010, págs. 211-231
_wRev166
942 _cAR
999 _c655900
_d655900